Fundamentals of plant genetics and breeding

Bibliographic Details
Main Author: WELSH
Format: Book
Published: New York : John Wiley , 1981
Subjects:

MARC

LEADER 00000cam a2200000 7i4500
001 0000002756
005 20040106.0
020 0 0 |a 0471028622 
090 0 0 |a 631.53   |b WEL 1981 
100 1 0 |a WELSH   |h James R. 
245 1 0 |a Fundamentals of plant genetics and breeding   |c James R. Welsh 
260 0 0 |a New York :   |b John Wiley ,   |c 1981 
300 |a xiv, 290 p. :   |b ill. ;   |c 24cm. 
500 0 0 |a Includes bibliographical references and index 
650 0 0 |a Plant genetics 
650 0 0 |a Plant   |x Breeding 
998 |a JPSM 
999 |a 0000004410   |b Monograph   |c Open Shelf   |e Default branch